000 00434nam a2200181Ia 4500
005 20240409094734.0
008 131103s9999 xx 000 0 und d
040 _aLoreto College
041 _aEnglish
082 _a425
_bCHO
100 _aChopra, Ravi
245 _aObjective English
_cRavi Chopra
260 _aNew Delhi
_bBookhive
_c[19?]
300 _a198 p.
650 _aEnglish grammar
850 _aLCBED
942 _cBK
999 _c27846
_d78325